000 01045cam a2200253 a 4500
003 OSt
005 20200805124255.0
008 030328s2002 ck aco gr 000 0 spa d
015 _aNNN
020 _a9583342599
040 _aCO-BoPUJ
_cCO-JMCR
041 0 _aspa
082 0 4 _a338.1765 /
_bM722a
_223
100 1 _aMolina Londoño, Luis Fernando,
_eautor
_98438
245 1 3 _aLa avicultura en Colombia /
_cLuis Fernando Molina Londoño
260 _aBogotá :
_bFenavi,
_c2002.
300 _a365 páginas :
_bilustraciones, retratos a blanco y negro ;
_c23 cm.
504 _aIncluye referencias bibliográficas.
505 _aUna actividad milenaria -- El lento tránsito hacia la avicultura comercial -- El despegue avícola 1940-1960 -- La expansión 1960-1980 -- Los años ochenta ¿La década perdida? -- Avícola, Apertura, prosperidad y recesión 1990-2000
650 2 4 _aAvicultura
_zColombia
_98439
650 2 4 _aIndustria avícola
_xHistoria
_zColombia
_98440
650 2 4 _aAvicultura
_xHistoria
_zColombia
_98441
942 _2ddc
_cBK
999 _c6784
_d6784